[Event "Bulgaria ch 2012 femenino"]
[Site "Panagyurishte BUL"]
[Date "2012.04.28"]
[Round "9.4"]
[White "Voiska, Margarita"]
[Black "Tsekova, Viktoria"]
[Result "1/2-1/2"]
[WhiteElo "2316"]
[BlackElo "1876"]
[PlyCount "84"]
[EventDate "2012.04.18"]
[EventType "tourn"]
[EventRounds "11"]
[EventCountry "BUL"]
[EventCategory "11"]
[Source "lmi"]
[SourceDate "2012.04.20"]

1. d4 Nf6 2. c4 g6 3. Nf3 Bg7 4. h3 O-O 5. Nc3 d5 6. cxd5 Nxd5 7. e3 c5 8. Qb3
Nxc3 9. bxc3 Nc6 10. Be2 cxd4 11. exd4 e5 12. dxe5 Nxe5 13. Nd4 Nc6 14. Nxc6
bxc6 15. Be3 Qa5 16. O-O Be6 17. Qc2 Qxc3 18. Qxc3 Bxc3 19. Rac1 Bg7 20. Rxc6
Bxa2 21. Ra6 Be6 22. Rd1 Rfd8 23. Rxd8+ Rxd8 24. Rxa7 Bd4 25. Ra3 Bxe3 26. Rxe3
Kg7 27. g4 Rd4 28. Kg2 Bc4 29. Bf3 Bd5 30. Bxd5 Rxd5 31. f4 Rb5 32. Kg3 Ra5 33.
h4 Ra1 34. g5 h6 35. Rd3 hxg5 36. hxg5 Ra4 37. Kf3 Rb4 38. Rd6 Ra4 39. Ke3 Rb4
40. Rd4 Rb1 41. Ke4 Re1+ 42. Kf3 Ra1 1/2-1/2

[Event "Bulgaria ch 2012 femenino"]
[Site "Panagyurishte BUL"]
[Date "2012.04.28"]
[Round "9.5"]
[White "Raeva, Elitsa"]
[Black "Chilingirova, Pavlina"]
[Result "1-0"]
[WhiteElo "2292"]
[BlackElo "2109"]
[PlyCount "93"]
[EventDate "2012.04.18"]
[EventType "tourn"]
[EventRounds "11"]
[EventCountry "BUL"]
[EventCategory "11"]
[Source "lmi"]
[SourceDate "2012.04.20"]

1. c4 e5 2. Nc3 g6 3. g3 Bg7 4. Bg2 c6 5. d3 Ne7 6. h4 h5 7. Bg5 d6 8. Ne4 f5
9. Nc3 Nd7 10. e4 Nc5 11. Nge2 Ne6 12. Qd2 Nxg5 13. hxg5 Be6 14. f4 fxe4 15.
dxe4 Bxc4 16. O-O-O d5 17. exd5 cxd5 18. Nxd5 Bxd5 19. Bxd5 Qc7+ 20. Qc2 Rc8
21. Qxc7 Rxc7+ 22. Kb1 Nxd5 23. Rxd5 O-O 24. fxe5 Rf5 25. Nf4 Kh7 26. e6 Rf8
27. Rd7 Rc5 28. Nd5 Kh8 29. e7 Re8 30. Nc7 Rxc7 31. Rxc7 Be5 32. Rxb7 Bxg3 33.
Rxa7 Kg7 34. a4 Bf4 35. Rb7 Bxg5 36. a5 Rxe7 37. Rxe7+ Bxe7 38. a6 Bc5 39. b4
Bb6 40. Rc1 h4 41. Kc2 Kh6 42. Kd3 Kh5 43. Ke2 g5 44. Rc6 Bd4 45. Rd6 Ba7 46.
Rd7 Bb6 47. a7 1-0